000
00296nam a22001337a 4500
008
170620b xxu||||| |||| 00| 0 eng d
020
_a
0138081131
041
_a
eng
080
_a
93
100
_a
20
101
_a
SHH
245
_a
THE SHAPING OF THE AMERICAN PAST
_c
LLOYD, R
942
_2
udc
_c
BK
999
_c
18305
_d
18305